书目信息 |
| 题名: |
2002年:中国经济形势分析与预测
|
|
| 作者: | 刘国光 , 王洛林 , 李京文 主编 | |
| 分册: | ||
| 出版信息: | 北京 社会科学文献出版社 2002 |
|
| 页数: | 288页 | |
| 开本: | 26cm | |
| 丛书名: | 经济蓝皮书 | |
| 单 册: | ||
| 中图分类: | F123.2 | |
| 科图分类: | ||
| 主题词: | 经济远景--经济规划--中国 | |
| 电子资源: | ||
| ISBN: | 7-80149-607-8 | |
| 000 | 00811nam2 2200253 45 | |
| 001 | 0109251553 | |
| 005 | 20041210091526.6 | |
| 010 | @a7-80149-607-8@dCNY29.80 | |
| 100 | @a20010925d2002 km y0chiy0120 ea | |
| 101 | 0 | @achi |
| 105 | @ak z 000yy | |
| 200 | 1 | @a2002年:中国经济形势分析与预测@A2002 Nian:Zhong Guo Jing Ji Xing Shi Fen Xi Yu Yu Ce@f刘国光,王洛林,李京文主编@FLiu Guo Guang,Wang Luo Lin,Li Jing Wen Zhu Bian |
| 210 | @a北京@c社会科学文献出版社@d2002 | |
| 215 | @a288页@d26cm | |
| 225 | @a经济蓝皮书 | |
| 410 | @12001 @a经济蓝皮书 | |
| 500 | @a中国经济形势分析与预测 | |
| 606 | 0 | @a经济远景@x经济规划@x中国 |
| 690 | @aF123.2@v4 | |
| 701 | @a刘国光@4主编 | |
| 701 | 0 | @a王洛林@4主编 |
| 701 | 0 | @a李京文@4主编 |
| 801 | @aCN@bTSTC@c20010925 | |
| 905 | @b314913-922@dF123.2@e122:(2002)@f10 | |
| 2002年:中国经济形势分析与预测/刘国光,王洛林,李京文主编.-北京:社会科学文献出版社,2002 |
| 288页;26cm.-(经济蓝皮书) |
| ISBN 7-80149-607-8:CNY29.80 |
| ● |
| 相关链接 |
|
|
|
|
正题名:2002年:中国经济形势分析与预测
索取号:F123.2/122:(2002)
 
预约/预借
| 序号 | 登录号 | 条形码 | 馆藏地/架位号 | 状态 | 备注 |
| 1 | 0314913 | 203149137 | 密集书库/ [索取号:F123.2/122:(2002)] | 在馆 | |
| 2 | 0314914 | 203149146 | 第一借阅区/ [索取号:F123.2/122:(2002)] | 在馆 | |
| 3 | 0314915 | 203149155 | 密集书库/ [索取号:F123.2/122:(2002)] | 在馆 | |
| 4 | 0314916 | 203149164 | 第一借阅区/ [索取号:F123.2/122:(2002)] | 在馆 | |
| 5 | 0314917 | 203149173 | 第一借阅区/ [索取号:F123.2/122:(2002)] | 在馆 | |
| 6 | 0314918 | 203149182 | 密集书库/ [索取号:F123.2/122:(2002)] | 在馆 | |
| 7 | 0314919 | 203149191 | 第一借阅区/ [索取号:F123.2/122:(2002)] | 在馆 | |
| 8 | 0314920 | 203149208 | 第一借阅区/ [索取号:F123.2/122:(2002)] | 在馆 | |
| 9 | 0314921 | 203149217 | 第一借阅区/ [索取号:F123.2/122:(2002)] | 在馆 | |
| 10 | 0314922 | 203149226 | 第一样本阅览室/ [索取号:F123.2/122:(2002)] | 在馆 | |
| 11 | 0315702 | 203157029 | 第一借阅区/ [索取号:F123.2/122:(2002)] | 在馆 | |
| 12 | 0315703 | 203157038 | 密集书库/ [索取号:F123.2/122:(2002)] | 在馆 |